| 000 | 01280cab a2200217 4500 | ||
|---|---|---|---|
| 001 | L129249 | ||
| 008 | 050404n2005 000 0 eng u | ||
| 035 | _a(Sirsi) u129249 | ||
| 041 | _aeng | ||
| 100 | _aFranklin, Kim | ||
| 245 | _aHeed the sirens' call when searching for dispute resolution | ||
| 260 | _c2005 | ||
| 490 |
_aArchitects' Journal _v221(12) 31 March 2005, 40(1) |
||
| 520 | _aDiscusses the definition of a dispute with reference to "Amec Civil Engineering v SoS Transport" ([2004] EWHC 2339 (TCC), unreported). This gave seven pointers to help identify a dispute which included the fact that the word dispute has no special or unusual meaning given to it by lawyers. Previous cases provide no hard rules on this issue but can give useful guidance. These propositions were endorsed by the CA in "Collins (Contractors) Ltd v Baltic Quay Management (1994) Ltd" ([2004] EWCA Civ 1757, The Times 3 January 2005). | ||
| 590 | _aIKA150405 | ||
| 650 | _aAMEC CIVIL ENGINEERING LTD V SOS TRANSPORT | ||
| 650 | _aCOLLINS (CONTRACTORS) LTD V BALTIC QUAY MANAGEMENT (1994) LTD | ||
| 650 | _aHOUSING GRANTS, CONSTRUCTION AND REGENERATION ACT 1996 | ||
| 690 | _aMANAGEMENT-DISPUTE AVOIDANCE, MANAGEMENT AND RESOLUTION-DISPUTE MANAGEMENT AND RESOLUTION | ||
| 942 | _n0 | ||
| 999 |
_c75018 _d75018 |
||